[Event "16. Torneo San Viator - Grupo B"]
[Site "Madrid ESP"]
[Date "2016.05.08"]
[Round "5.17"]
[White "Avendano Layunta, Manuel"]
[Black "Rivera Rodriguez, Luis Fernando"]
[Result "1-0"]
[WhiteElo "1576"]
[BlackElo "1329"]
[PlyCount "89"]
[EventDate "2016.04.03"]
[EventType "swiss"]
[EventRounds "9"]
[EventCountry "ESP"]
[Source "lmi"]
[SourceDate "2016.04.03"]

1. Nf3 d5 2. e3 c5 3. Bb5+ Bd7 4. Nc3 Nf6 5. b3 a6 6. Bxd7+ Qxd7 7. Bb2 d4 8.
Na4 Qc6 9. exd4 b5 10. Nxc5 e6 11. Nd3 Bd6 12. Nde5 Qb7 13. O-O O-O 14. Qe2
Nbd7 15. d3 Nd5 16. c4 Nf4 17. Qe4 Qxe4 18. dxe4 Nxe5 19. dxe5 Nd3 20. exd6
Nxb2 21. c5 Nd3 22. c6 Rac8 23. c7 Nc5 24. e5 Nd7 25. Rfe1 h6 26. Nd4 Kh8 27.
Rac1 b4 28. Nc6 Nb6 29. Nxb4 a5 30. Nc6 Rfe8 31. Nxa5 Ra8 32. b4 Nd5 33. a3
Rec8 34. Red1 Kh7 35. g3 g6 36. Rd3 Kg7 37. Nc6 h5 38. b5 f6 39. f4 fxe5 40.
fxe5 g5 41. Rb3 Nb6 42. Ne7 Re8 43. Rc6 Nc8 44. Nxc8 Rexc8 45. b6 1-0

[Event "16. Torneo San Viator - Grupo B"]
[Site "Madrid ESP"]
[Date "2016.05.08"]
[Round "5.18"]
[White "Rojo Jorge, Angel"]
[Black "Franco Rincon, David"]
[Result "0-1"]
[WhiteElo "1439"]
[BlackElo "1721"]
[PlyCount "55"]
[EventDate "2016.04.03"]
[EventType "swiss"]
[EventRounds "9"]
[EventCountry "ESP"]
[Source "lmi"]
[SourceDate "2016.04.03"]

1. Nf3 c6 2. c4 Nf6 3. g3 e6 4. Bg2 d5 5. b3 Nbd7 6. Bb2 Bd6 7. Nc3 O-O 8. O-O
e5 9. cxd5 cxd5 10. Nb5 Bb8 11. Ba3 Re8 12. Rc1 Qb6 13. Nc3 Qa6 14. Bb2 d4 15.
Na4 Bd6 16. Ne1 Rb8 17. b4 Bxb4 18. Nd3 Bd6 19. Qb3 b6 20. Rc6 Bf8 21. Ba3 Bxa3
22. Qxa3 Bb7 23. Rc7 Bxg2 24. Kxg2 b5 25. Ndc5 Nxc5 26. Qxc5 bxa4 27. Rc6 Qxe2
28. Qc1 0-1

[Event "16. Torneo San Viator - Grupo B"]
[Site "Madrid ESP"]
[Date "2016.05.08"]
[Round "5.19"]
[White "Gonzalez Morente, Jose A"]
[Black "Serrano Gonzalez, Oscar"]
[Result "0-1"]
[WhiteElo "1463"]
[BlackElo "1727"]
[PlyCount "22"]
[EventDate "2016.04.03"]
[EventType "swiss"]
[EventRounds "9"]
[EventCountry "ESP"]
[Source "lmi"]
[SourceDate "2016.04.03"]

1. d4 Nf6 2. Nf3 e6 3. h3 b6 4. Bf4 Ba6 5. b3 d5 6. Nbd2 Bb4 7. a3 Bc3 8. Rb1
Ne4 9. b4 Qf6 10. b5 Qxf4 11. bxa6 Bxd2+ 0-1

[Event "16. Torneo San Viator - Grupo B"]
[Site "Madrid ESP"]
[Date "2016.05.08"]
[Round "5.20"]
[White "San Felipe Gonzalez, Tomas"]
[Black "Andradas Encabo, Victor"]
[Result "1-0"]
[WhiteElo "1723"]
[BlackElo "1508"]
[PlyCount "55"]
[EventDate "2016.04.03"]
[EventType "swiss"]
[EventRounds "9"]
[EventCountry "ESP"]
[Source "lmi"]
[SourceDate "2016.04.03"]

1. d4 Nf6 2. c4 e5 3. dxe5 Ng4 4. Nf3 Nc6 5. Nc3 Bc5 6. e3 O-O 7. Be2 Re8 8.
O-O Ncxe5 9. Nxe5 Nxe5 10. a3 Qh4 11. b4 Bd6 12. g3 Qh3 13. f4 Re6 14. fxe5 Rh6
15. Rf2 f5 16. exd6 Rxd6 17. Qc2 Rg6 18. Qxf5 Qxf5 19. Rxf5 d5 20. Rxd5 Be6 21.
Rd4 Rf8 22. Bb2 Bh3 23. Nd5 Re6 24. e4 g5 25. Bf1 g4 26. Nf4 Rh6 27. Rad1 Bxf1
28. Rxf1 1-0

[Event "16. Torneo San Viator - Grupo B"]
[Site "Madrid ESP"]
[Date "2016.05.08"]
[Round "5.21"]
[White "Lopez Mijail, Nicolas"]
[Black "Ruperez Benito, Yaiza"]
[Result "1/2-1/2"]
[WhiteElo "1675"]
[BlackElo "1477"]
[PlyCount "104"]
[EventDate "2016.04.03"]
[EventType "swiss"]
[EventRounds "9"]
[EventCountry "ESP"]
[Source "lmi"]
[SourceDate "2016.04.03"]

1. e4 e6 2. d4 d5 3. Nd2 dxe4 4. Nxe4 Nd7 5. Nf3 Ngf6 6. Bd3 b6 7. c3 Bb7 8.
Nxf6+ Nxf6 9. Ne5 Qd5 10. Qa4+ c6 11. f3 Be7 12. Bg5 Qd6 13. O-O O-O 14. Bh4
Nd5 15. Bg3 Qd8 16. Nxc6 Bxc6 17. Qxc6 Bh4 18. Bd6 Rc8 19. Qb5 Qxd6 20. c4 Ne3
21. Qh5 f5 22. Qxh4 Nxf1 23. Bxf1 Rcd8 24. Rd1 Qb4 25. b3 Rd7 26. Qf4 Qc3 27.
Qe5 Rf6 28. Rd3 Qb4 29. d5 Qc5+ 30. Qe3 exd5 31. Qxc5 bxc5 32. cxd5 Rfd6 33.
Re3 Kf7 34. Bb5 Re7 35. Rc3 Kf6 36. Rxc5 Re1+ 37. Kf2 Rd1 38. Ke2 R6xd5 39.
Rxd5 Rxd5 40. Bc4 Re5+ 41. Kd2 f4 42. Bd3 Rg5 43. Bf1 Re5 44. b4 Ke6 45. Bd3 h6
46. Be4 Kd6 47. Kc3 Kc7 48. a4 g5 49. Kc4 Kb6 50. a5+ Kc7 51. Kd4 Rb5 52. Kc4
Re5 1/2-1/2

[Event "16. Torneo San Viator - Grupo B"]
[Site "Madrid ESP"]
[Date "2016.05.08"]
[Round "5.22"]
[White "Gutierrez Garcia, Alberto"]
[Black "Laray Fernandez, Juan"]
[Result "1-0"]
[WhiteElo "1675"]
[BlackElo "1498"]
[PlyCount "57"]
[EventDate "2016.04.03"]
[EventType "swiss"]
[EventRounds "9"]
[EventCountry "ESP"]
[Source "lmi"]
[SourceDate "2016.04.03"]

1. d4 d5 2. Nf3 Bf5 3. c4 e6 4. cxd5 Bxb1 5. Rxb1 Qxd5 6. Qc2 Bb4+ 7. Bd2 Bxd2+
8. Nxd2 Nc6 9. e3 Nge7 10. b4 b5 11. Be2 O-O 12. Bf3 Qd6 13. Ne4 Qd8 14. Ng5 g6
15. Nxf7 Rxf7 16. Bxc6 Rb8 17. O-O Nxc6 18. Qxc6 Rb6 19. Qe4 Ra6 20. Rbc1 Qd6
21. Qb1 Ra4 22. Rc5 Rf5 23. Rfc1 Rxc5 24. Rxc5 Qa6 25. Rc2 Ra3 26. g3 Qa4 27.
Rxc7 Rxa2 28. Qe4 Ra1+ 29. Kg2 1-0

[Event "16. Torneo San Viator - Grupo B"]
[Site "Madrid ESP"]
[Date "2016.05.08"]
[Round "5.23"]
[White "Martinez Pintor, Juan"]
[Black "Comeron Galan, Ruben"]
[Result "0-1"]
[WhiteElo "1660"]
[BlackElo "1436"]
[PlyCount "54"]
[EventDate "2016.04.03"]
[EventType "swiss"]
[EventRounds "9"]
[EventCountry "ESP"]
[Source "lmi"]
[SourceDate "2016.04.03"]

1. d4 d5 2. Nf3 Nf6 3. e3 e6 4. Bd3 c5 5. c3 Bd6 6. Nbd2 O-O 7. O-O Nc6 8. dxc5
Bxc5 9. e4 Qc7 10. exd5 Nxd5 11. Ne4 Be7 12. Bg5 Rd8 13. Qc2 h6 14. Bxe7 Ncxe7
15. Nd4 a6 16. Rfd1 b5 17. Ng3 Bb7 18. Be4 Nf6 19. Bxb7 Qxb7 20. Qe2 Rac8 21.
Rd3 Rd7 22. Rad1 Rcd8 23. Nxe6 fxe6 24. Qxe6+ Kf8 25. Rxd7 Rxd7 26. Re1 Ned5
27. Nh5 Re7 0-1

[Event "16. Torneo San Viator - Grupo B"]
[Site "Madrid ESP"]
[Date "2016.05.08"]
[Round "5.24"]
[White "Raya Rodriguez, Juan"]
[Black "Espinosa Palacios, Victoriano"]
[Result "1-0"]
[WhiteElo "1649"]
[BlackElo "1436"]
[PlyCount "93"]
[EventDate "2016.04.03"]
[EventType "swiss"]
[EventRounds "9"]
[EventCountry "ESP"]
[Source "lmi"]
[SourceDate "2016.04.03"]

1. d4 Nf6 2. c4 e6 3. Nf3 d5 4. g3 dxc4 5. Bg2 Nc6 6. O-O Rb8 7. e3 a6 8. a4
Be7 9. Nbd2 b5 10. axb5 axb5 11. Ne5 Nxe5 12. dxe5 Nd5 13. Qg4 O-O 14. Ne4 Bb7
15. Rd1 Qe8 16. Ng5 h6 17. Nxe6 fxe6 18. Qxe6+ Qf7 19. Qxf7+ Rxf7 20. Bxd5 Bxd5
21. Rxd5 c5 22. Ra7 Rd8 23. e4 Bg5 24. Rxf7 Rxd5 25. exd5 Bxc1 26. Rc7 Bxb2 27.
Rxc5 Bxe5 28. Rxb5 c3 29. Rc5 Kf7 30. Rc6 Ke7 31. f4 Bd4+ 32. Kg2 Kd7 33. Kf3
Bf6 34. Ke4 h5 35. h3 Ke7 36. Kf5 Kd7 37. Kg6 h4 38. g4 Bd4 39. Kh5 Be3 40. f5
Bd4 41. Kxh4 Be5 42. Kg5 Bf6+ 43. Kg6 Ke7 44. g5 Bd4 45. f6+ gxf6 46. gxf6+ Kd8
47. f7 1-0

[Event "16. Torneo San Viator - Grupo B"]
[Site "Madrid ESP"]
[Date "2016.05.08"]
[Round "5.25"]
[White "Di Pietro Moreno, Fatima"]
[Black "Algaba Traspuesto, Jose Antonio"]
[Result "1-0"]
[WhiteElo "1403"]
[BlackElo "1633"]
[PlyCount "55"]
[EventDate "2016.04.03"]
[EventType "swiss"]
[EventRounds "9"]
[EventCountry "ESP"]
[Source "lmi"]
[SourceDate "2016.04.03"]

1. e4 d5 2. exd5 Nf6 3. d4 Nxd5 4. Nf3 g6 5. c4 Nb6 6. c5 Nd5 7. Bc4 c6 8. Nc3
Bg7 9. O-O Nxc3 10. bxc3 O-O 11. Re1 b6 12. Bg5 Bf6 13. Bh6 Re8 14. Qb3 e6 15.
cxb6 axb6 16. Ne5 b5 17. Bd3 Qe7 18. Be4 Bb7 19. Re3 Ra3 20. Qd1 c5 21. Bxb7
Qxb7 22. Ng4 Be7 23. dxc5 Bxc5 24. Nf6+ Kh8 25. Nxe8 Qe7 26. Rd3 Nc6 27. Qf3
Qxe8 28. Qf6+ 1-0

[Event "16. Torneo San Viator - Grupo B"]
[Site "Madrid ESP"]
[Date "2016.05.08"]
[Round "5.26"]
[White "Dominguez Afonso, Ayraldo"]
[Black "Garcia Chica, Eva Maria"]
[Result "1-0"]
[WhiteElo "1619"]
[BlackElo "1418"]
[PlyCount "93"]
[EventDate "2016.04.03"]
[EventType "swiss"]
[EventRounds "9"]
[EventCountry "ESP"]
[Source "lmi"]
[SourceDate "2016.04.03"]

1. e4 c6 2. d4 d5 3. Nc3 dxe4 4. Nxe4 Nf6 5. Nxf6+ exf6 6. Nf3 Bd6 7. Bd3 O-O
8. Be3 Re8 9. Qd2 Be6 10. O-O Nd7 11. c4 Bg4 12. Be2 Bxf3 13. Bxf3 Qc7 14. h3
f5 15. Qd3 g6 16. Rfe1 Bf4 17. Rad1 Bxe3 18. fxe3 Nf6 19. e4 Nxe4 20. Bxe4 Rxe4
21. Rxe4 fxe4 22. Qxe4 Rd8 23. b3 Kf8 24. Qh4 f5 25. Qf6+ Kg8 26. Re1 Rf8 27.
Qe6+ Qf7 28. d5 Qxe6 29. Rxe6 Kf7 30. Kf2 cxd5 31. Rd6 Ke7 32. Rxd5 Rd8 33.
Re5+ Kf6 34. Re2 Rd7 35. c5 Rd5 36. b4 Re5 37. Rd2 Ke7 38. Kf3 Re6 39. a3 b6
40. cxb6 Rxb6 41. Kf4 Rd6 42. Rxd6 Kxd6 43. Kg5 Kd5 44. Kh6 Kd4 45. Kxh7 f4 46.
Kxg6 Ke3 47. Kg5 1-0

[Event "16. Torneo San Viator - Grupo B"]
[Site "Madrid ESP"]
[Date "2016.05.08"]
[Round "5.27"]
[White "Insua Rodriguez, Antonio"]
[Black "Tudela Garcia, Antonio"]
[Result "0-1"]
[WhiteElo "1406"]
[BlackElo "1616"]
[PlyCount "36"]
[EventDate "2016.04.03"]
[EventType "swiss"]
[EventRounds "9"]
[EventCountry "ESP"]
[Source "lmi"]
[SourceDate "2016.04.03"]

1. Nc3 b6 2. d4 Bb7 3. e4 e6 4. Nf3 Nf6 5. Bg5 h6 6. Bh4 Be7 7. Bd3 O-O 8. e5
Nd5 9. Bxe7 Qxe7 10. Nxd5 Bxd5 11. Qe2 d6 12. Rg1 Nd7 13. Be4 dxe5 14. Bxd5
exd5 15. dxe5 Rfe8 16. Kd2 Qb4+ 17. Kd1 Qxb2 18. Kd2 Nc5 0-1

[Event "16. Torneo San Viator - Grupo B"]
[Site "Madrid ESP"]
[Date "2016.05.08"]
[Round "5.28"]
[White "Arias Cusio, Oscar"]
[Black "Cuerda Montagud, Tomas"]
[Result "1-0"]
[WhiteElo "1611"]
[BlackElo "1414"]
[PlyCount "123"]
[EventDate "2016.04.03"]
[EventType "swiss"]
[EventRounds "9"]
[EventCountry "ESP"]
[Source "lmi"]
[SourceDate "2016.04.03"]

1. e4 e6 2. b3 d5 3. exd5 exd5 4. Bb2 Nf6 5. Bd3 c5 6. Bxf6 Qxf6 7. Nc3 Qd8 8.
Qh5 g6 9. Qe5+ Qe7 10. Qxe7+ Bxe7 11. Nxd5 Bd8 12. Ne2 Be6 13. Nef4 Bxd5 14.
Nxd5 O-O 15. O-O-O Nd7 16. h4 Nb6 17. Nc3 c4 18. bxc4 Rc8 19. Rde1 Nxc4 20. Re4
Nd6 21. Rb4 a5 22. Rd4 Rc6 23. Ne4 Nxe4 24. Rxe4 Rb6 25. Bc4 Bf6 26. Bb3 Ra8
27. c3 Rba6 28. Ba4 Re6 29. Rxe6 fxe6 30. h5 Rd8 31. Kc2 Kf7 32. hxg6+ Kxg6 33.
g3 e5 34. f3 Bg5 35. d3 b6 36. Re1 Kf6 37. Re4 Rd5 38. Bb3 Rc5 39. f4 Bh6 40.
d4 exd4 41. Rxd4 Kf5 42. Rd7 Kg4 43. Rxh7 Rc6 44. Re7 Kxg3 45. f5 Bg5 46. Re6
Rxe6 47. fxe6 Kf4 48. Kd3 Ke5 49. Kc4 Kxe6 50. Kb5+ Kd6 51. Kxb6 Bd8+ 52. Kb5
Kd7 53. Bd5 Kc8 54. a4 Kb8 55. c4 Ka7 56. Kc6 Kb8 57. Kd7 Bb6 58. Kc6 Ka7 59.
c5 Bd8 60. Kd7 Bh4 61. c6 Kb8 62. c7+ 1-0

[Event "16. Torneo San Viator - Grupo B"]
[Site "Madrid ESP"]
[Date "2016.05.08"]
[Round "5.29"]
[White "Diaz Del Prado, Carlos"]
[Black "Loncomilla Sanhueza, Ernesto"]
[Result "0-1"]
[WhiteElo "1314"]
[BlackElo "1587"]
[PlyCount "102"]
[EventDate "2016.04.03"]
[EventType "swiss"]
[EventRounds "9"]
[EventCountry "ESP"]
[Source "lmi"]
[SourceDate "2016.04.03"]

1. d4 Nf6 2. Nf3 d5 3. e3 Bg4 4. Bd3 e6 5. Nbd2 c5 6. c3 c4 7. Bc2 Bd6 8. O-O
O-O 9. b3 Qc7 10. h3 cxb3 11. axb3 Qxc3 12. Ba3 Bxf3 13. Nxf3 Bxa3 14. Rxa3 Nc6
15. Qc1 Qb4 16. Ra4 Qb5 17. Qa3 Nd7 18. Qb2 Ndb8 19. Rd1 Nb4 20. Bb1 N8c6 21.
Ne5 Nxe5 22. dxe5 a5 23. Rd4 Rfc8 24. Rh4 h6 25. Qd4 Rc1+ 26. Kh2 Rxb1 27. Qg4
Kh7 28. Qf4 Qd7 29. Rg4 Qe7 30. Qg3 g6 31. h4 h5 32. Rg5 b6 33. Qf3 Kg7 34. Qg3
Rc8 35. Rxh5 Rh8 36. Rxh8 Kxh8 37. Qf4 Kg7 38. g3 Rb2 39. Kg2 Qc7 40. Ra1 Nd3
41. Qf6+ Kg8 42. Rf1 Qxe5 43. Qd8+ Kg7 44. Qxb6 Qe4+ 45. Kg1 Ne5 46. Kh2 Ng4+
47. Kh3 Nxf2+ 48. Rxf2 Rxf2 49. Qd6 Qf5+ 50. g4 Qf3+ 51. Qg3 Qh1+ 0-1

[Event "16. Torneo San Viator - Grupo B"]
[Site "Madrid ESP"]
[Date "2016.05.08"]
[Round "5.31"]
[White "Ramos Barbancho, Jose Manuel"]
[Black "Fernandez Garcia, Emilio"]
[Result "0-1"]
[WhiteElo "1381"]
[BlackElo "1624"]
[PlyCount "72"]
[EventDate "2016.04.03"]
[EventType "swiss"]
[EventRounds "9"]
[EventCountry "ESP"]
[Source "lmi"]
[SourceDate "2016.04.03"]

1. e4 g6 2. Nf3 Bg7 3. d4 d6 4. Be3 Nf6 5. Bd3 Nbd7 6. h3 a6 7. c3 O-O 8. Nbd2
c5 9. d5 b5 10. O-O Qc7 11. Rc1 Bb7 12. a3 c4 13. Bb1 Nc5 14. Bxc5 Qxc5 15. Nd4
Rfe8 16. N2f3 Bh6 17. Nd2 e6 18. dxe6 fxe6 19. Qe2 Bxd2 20. Qxd2 Bxe4 21. Qf4
Qe5 22. Qxe5 dxe5 23. Bxe4 Nxe4 24. Nf3 Rad8 25. Rfe1 Nc5 26. Nxe5 Rd2 27. Rb1
Red8 28. Nf3 R2d5 29. Kh2 Kg7 30. Nd4 e5 31. Nc6 Rc8 32. f4 e4 33. Nb4 Rd7 34.
Re3 Rf8 35. Kg3 g5 36. fxg5 Rdf7 0-1

[Event "16. Torneo San Viator - Grupo B"]
[Site "Madrid ESP"]
[Date "2016.05.08"]
[Round "5.32"]
[White "Martinez Pascual, Gonzalo"]
[Black "Mora Gonzalez-Rojas, Francisco"]
[Result "1/2-1/2"]
[WhiteElo "1546"]
[BlackElo "1253"]
[PlyCount "64"]
[EventDate "2016.04.03"]
[EventType "swiss"]
[EventRounds "9"]
[EventCountry "ESP"]
[Source "lmi"]
[SourceDate "2016.04.03"]

1. d4 d5 2. c4 e6 3. Nf3 Bb4+ 4. Bd2 Bxd2+ 5. Nbxd2 Nf6 6. e3 O-O 7. Bd3 Nc6 8.
a3 Qe7 9. O-O h6 10. c5 Bd7 11. b4 a6 12. Re1 Rfe8 13. Nb3 Rad8 14. b5 axb5 15.
Bxb5 e5 16. Bxc6 Bxc6 17. Nxe5 Ba4 18. Qd3 c6 19. Rab1 Bb5 20. Qc2 Ne4 21. Nd2
Nxd2 22. Qxd2 f6 23. Ng6 Qf7 24. Qc2 Re4 25. f3 Re6 26. Nf4 Ree8 27. Qg6 Qxg6
28. Nxg6 Re6 29. e4 dxe4 30. Rxe4 Rxe4 31. fxe4 Rxd4 32. Re1 Kf7 1/2-1/2

[Event "16. Torneo San Viator - Grupo B"]
[Site "Madrid ESP"]
[Date "2016.05.08"]
[Round "5.41"]
[White "Gallego Romero, Manuel"]
[Black "Arias Bellido, Santiago"]
[Result "1-0"]
[WhiteElo "1439"]
[BlackElo "1324"]
[PlyCount "67"]
[EventDate "2016.04.03"]
[EventType "swiss"]
[EventRounds "9"]
[EventCountry "ESP"]
[Source "lmi"]
[SourceDate "2016.04.03"]

1. e4 d6 2. Bc4 e6 3. d3 Nc6 4. a3 Nf6 5. Nf3 d5 6. exd5 exd5 7. Ba2 Bd6 8. O-O
O-O 9. Nc3 Bg4 10. Bg5 h6 11. Bxf6 Qxf6 12. Bxd5 Rae8 13. Rb1 Bxf3 14. Qxf3
Qxf3 15. Bxf3 Nd8 16. Nb5 a6 17. Nxd6 cxd6 18. b4 b6 19. Bd5 Re5 20. Bb3 Nc6
21. c3 Rfe8 22. d4 Rg5 23. f4 Rf5 24. a4 Re3 25. b5 axb5 26. axb5 Rxb5 27.
Bxf7+ Kxf7 28. Rxb5 Rxc3 29. Rxb6 Ke6 30. f5+ Kd5 31. Rb7 Nxd4 32. Rxg7 Ne2+
33. Kh1 Ke5 34. Re7+ 1-0

[Event "16. Torneo San Viator - Grupo B"]
[Site "Madrid ESP"]
[Date "2016.05.08"]
[Round "5.43"]
[White "Martin Rodriguez, Jose Luis"]
[Black "Trapero Bueno, Vicente"]
[Result "1-0"]
[WhiteElo "1353"]
[BlackElo "1231"]
[PlyCount "71"]
[EventDate "2016.04.03"]
[EventType "swiss"]
[EventRounds "9"]
[EventCountry "ESP"]
[Source "lmi"]
[SourceDate "2016.04.03"]

1. c4 e5 2. Nc3 Bb4 3. Nf3 Nc6 4. d3 h6 5. a3 Be7 6. g3 Nf6 7. Bg2 O-O 8. b4 a6
9. Bb2 d6 10. O-O Be6 11. Nd2 d5 12. cxd5 Nxd5 13. Nce4 b6 14. Rc1 Qd7 15. Qc2
Nd4 16. Bxd4 exd4 17. Qc6 f5 18. Nb3 fxe4 19. Nxd4 Qxc6 20. Nxc6 Bg5 21. Rc2 e3
22. f3 Bf6 23. f4 Bc3 24. Bxd5 Bxd5 25. Rxc3 Rae8 26. Nd4 Rf7 27. Nc2 c6 28. d4
Rfe7 29. Ne1 Kf7 30. Nf3 Re6 31. Ne5+ Kf6 32. Nd7+ Kf5 33. Nxb6 c5 34. Nxd5
cxd4 35. Rd3 h5 36. Nc7 1-0

[Event "16. Torneo San Viator - Grupo B"]
[Site "Madrid ESP"]
[Date "2016.05.15"]
[Round "6.1"]
[White "Llases Gonzalez, Luis"]
[Black "Guerrero Gonzalez, Francisco"]
[Result "1-0"]
[WhiteElo "1614"]
[BlackElo "1699"]
[PlyCount "94"]
[EventDate "2016.04.03"]
[EventType "swiss"]
[EventRounds "9"]
[EventCountry "ESP"]
[Source "lmi"]
[SourceDate "2016.04.03"]

1. e4 d5 2. exd5 Qxd5 3. Nc3 Qa5 4. d4 Nf6 5. Nf3 Bg4 6. h3 Bh5 7. g4 Bg6 8.
Ne5 e6 9. Bg2 c6 10. O-O Nbd7 11. h4 Nxe5 12. dxe5 Qxe5 13. Re1 Qd6 14. h5 Qxd1
15. Rxd1 Bxc2 16. Rd2 Nxg4 17. Rxc2 O-O-O 18. Bf4 Bd6 19. Bxd6 Rxd6 20. b4 Nf6
21. b5 c5 22. a4 Rhd8 23. Ne4 Nxe4 24. Bxe4 Rd1+ 25. Rxd1 Rxd1+ 26. Kg2 b6 27.
Bxh7 Rd4 28. Bg8 Rf4 29. Kg3 Rf5 30. Kg4 Kd8 31. Rd2+ Ke7 32. f4 Rd5 33. Rxd5
exd5 34. Bh7 Kf6 35. Bc2 Ke6 36. Kf3 Kd6 37. Ke3 Ke6 38. Bd3 Kf6 39. Bb1 Ke6
40. Kf3 Kd6 41. Kg4 Ke6 42. Kg5 c4 43. f5+ Kd6 44. f6 gxf6+ 45. Kxf6 d4 46. h6
d3 47. h7 d2 1-0

[Event "16. Torneo San Viator - Grupo B"]
[Site "Madrid ESP"]
[Date "2016.05.15"]
[Round "6.2"]
[White "Mateos Cordero, Francisco"]
[Black "Iriarte Gomez, Enrique"]
[Result "1-0"]
[WhiteElo "1623"]
[BlackElo "1720"]
[PlyCount "69"]
[EventDate "2016.04.03"]
[EventType "swiss"]
[EventRounds "9"]
[EventCountry "ESP"]
[Source "lmi"]
[SourceDate "2016.04.03"]

1. d4 f5 2. Nf3 Nf6 3. c4 g6 4. Nc3 Bg7 5. g3 d6 6. Bg2 O-O 7. O-O c6 8. Qc2
Na6 9. a3 Qe8 10. Rd1 Bd7 11. Bd2 Rb8 12. Bf4 Nh5 13. Bc1 Qf7 14. Ng5 Qf6 15.
e4 f4 16. h4 Bg4 17. e5 dxe5 18. Nce4 Qf5 19. f3 Bxf3 20. Nxf3 Nxg3 21. Nfg5
Qg4 22. Nxg3 fxg3 23. Nf3 Rxf3 24. Bxf3 Qxf3 25. Rf1 Qg4 26. Bg5 Qxd4+ 27. Kg2
Qg4 28. Bxe7 Re8 29. Bd6 Qxh4 30. Rh1 Qg5 31. Raf1 h5 32. c5 h4 33. Qc4+ Kh7
34. Rxh4+ Qxh4 35. Qf7 1-0

[Event "16. Torneo San Viator - Grupo B"]
[Site "Madrid ESP"]
[Date "2016.05.15"]
[Round "6.3"]
[White "Marquez Leon, Juan A"]
[Black "Correas Aguilera, Eufemio"]
[Result "1-0"]
[WhiteElo "1588"]
[BlackElo "1639"]
[PlyCount "37"]
[EventDate "2016.04.03"]
[EventType "swiss"]
[EventRounds "9"]
[EventCountry "ESP"]
[Source "lmi"]
[SourceDate "2016.04.03"]

1. d4 c5 2. c3 Nf6 3. Nf3 e6 4. e3 Nc6 5. a3 cxd4 6. cxd4 g6 7. b4 a6 8. Nbd2
Bg7 9. Bb2 O-O 10. Be2 Re8 11. b5 axb5 12. Bxb5 Qb6 13. a4 Na7 14. Nc4 Qd8 15.
Nd6 Rf8 16. O-O Nxb5 17. Nxb5 d5 18. Ba3 Re8 19. Nd6 1-0

[Event "16. Torneo San Viator - Grupo B"]
[Site "Madrid ESP"]
[Date "2016.05.15"]
[Round "6.4"]
[White "Yaniz Lana, Francisco Javier"]
[Black "Urbelz Perez, Ignacio"]
[Result "0-1"]
[WhiteElo "1575"]
[BlackElo "1513"]
[PlyCount "72"]
[EventDate "2016.04.03"]
[EventType "swiss"]
[EventRounds "9"]
[EventCountry "ESP"]
[Source "lmi"]
[SourceDate "2016.04.03"]

1. e4 c6 2. d4 d5 3. exd5 cxd5 4. Bf4 Bf5 5. c3 Nf6 6. Nf3 Nc6 7. Bb5 Qb6 8.
Qb3 e6 9. Ne5 Rc8 10. Nd2 Be7 11. a4 O-O 12. Bg5 Rfd8 13. O-O Ne4 14. Nxc6 bxc6
15. Nxe4 f6 16. Nd2 cxb5 17. Bf4 b4 18. a5 Qb5 19. Qa4 Bd3 20. Rac1 Rc6 21. Ra1
bxc3 22. Qxb5 Bxb5 23. bxc3 g5 24. Bg3 Kf7 25. Rfb1 a6 26. Rb3 Rdc8 27. c4 dxc4
28. Rf3 c3 29. Ne4 c2 30. Nxg5+ Kg6 31. h4 fxg5 32. h5+ Kg7 33. h6+ Kg6 34. Be5
c1=Q+ 35. Kh2 Bf6 36. Bf4 Bxd4 0-1

[Event "16. Torneo San Viator - Grupo B"]
[Site "Madrid ESP"]
[Date "2016.05.15"]
[Round "6.5"]
[White "Boria Jimenez, Cesar"]
[Black "Sanchez Ortega, Ivan"]
[Result "0-1"]
[WhiteElo "1558"]
[BlackElo "1668"]
[PlyCount "75"]
[EventDate "2016.04.03"]
[EventType "swiss"]
[EventRounds "9"]
[EventCountry "ESP"]
[Source "lmi"]
[SourceDate "2016.04.03"]

1. e4 e5 2. Nf3 Nc6 3. d4 exd4 4. Nxd4 Bc5 5. Be3 Qf6 6. c3 Nge7 7. Bc4 d6 8.
O-O Ne5 9. Be2 Qg6 10. Nd2 O-O 11. Kh1 d5 12. Bh5 Qd6 13. f4 N5g6 14. e5 Qd7
15. Qe2 Bxd4 16. Bxd4 Nf5 17. Bc5 Re8 18. Rae1 b6 19. Bg1 a5 20. Nb3 Ba6 21.
Qd2 Bxf1 22. Rxf1 c5 23. Bf3 Rad8 24. Bf2 Nfh4 25. Be2 Nf5 26. Bg4 Ng3+ 27.
Bxg3 Qxg4 28. Nc1 d4 29. c4 Nh4 30. Nd3 Nf5 31. Be1 Ne3 32. Rf3 Nxc4 33. Qf2
Ne3 34. Rg3 Qf5 35. Bxa5 Qxd3 36. Bxb6 Qd1+ 37. Qg1 Qxg1+ 38. Kxg1 0-1

[Event "16. Torneo San Viator - Grupo B"]
[Site "Madrid ESP"]
[Date "2016.05.15"]
[Round "6.6"]
[White "Cabello Rodriguez, Raul"]
[Black "Arias Martinez, Ivan"]
[Result "1/2-1/2"]
[WhiteElo "1507"]
[BlackElo "1642"]
[PlyCount "69"]
[EventDate "2016.04.03"]
[EventType "swiss"]
[EventRounds "9"]
[EventCountry "ESP"]
[Source "lmi"]
[SourceDate "2016.04.03"]

1. Nf3 e6 2. d4 d5 3. c4 Nf6 4. Nc3 a6 5. Bg5 Be7 6. e3 O-O 7. Be2 dxc4 8. a4
Nd5 9. h4 h6 10. Bxe7 Qxe7 11. Bxc4 Nxc3 12. bxc3 Rd8 13. Qc2 Nc6 14. Ba2 e5
15. O-O-O Bg4 16. Rdg1 exd4 17. exd4 Qf6 18. Bb1 g6 19. Ne1 Na5 20. Nd3 Rd6 21.
Ba2 b5 22. f3 Be6 23. Bxe6 Qxe6 24. Nc5 Qe3+ 25. Qd2 Qxd2+ 26. Kxd2 Nc4+ 27.
Kc2 Kf8 28. Re1 Rdd8 29. Re2 Re8 30. Rhe1 f5 31. axb5 axb5 32. Ne6+ Kf7 33.
Nxc7 Rxe2+ 34. Rxe2 Rb8 35. Kb3 1/2-1/2

[Event "16. Torneo San Viator - Grupo B"]
[Site "Madrid ESP"]
[Date "2016.05.15"]
[Round "6.7"]
[White "Amador Andujar, Alfredo"]
[Black "Perez Gonzalez, Manuel"]
[Result "1/2-1/2"]
[WhiteElo "1471"]
[BlackElo "1580"]
[PlyCount "36"]
[EventDate "2016.04.03"]
[EventType "swiss"]
[EventRounds "9"]
[EventCountry "ESP"]
[Source "lmi"]
[SourceDate "2016.04.03"]

1. e4 d6 2. d4 Nf6 3. Nc3 g6 4. Be3 Bg7 5. f3 O-O 6. Qd2 Nc6 7. O-O-O a6 8. Bh6
b5 9. a3 Bb7 10. g4 e5 11. d5 Nd4 12. Nce2 Nxe2+ 13. Nxe2 Nd7 14. Bxg7 Kxg7 15.
Ng3 Qh4 16. Be2 Nc5 17. f4 exf4 18. Qxf4 Qf6 1/2-1/2

[Event "16. Torneo San Viator - Grupo B"]
[Site "Madrid ESP"]
[Date "2016.05.15"]
[Round "6.9"]
[White "Serrano Gonzalez, Oscar"]
[Black "Arias Cusio, Oscar"]
[Result "0-1"]
[WhiteElo "1727"]
[BlackElo "1611"]
[PlyCount "76"]
[EventDate "2016.04.03"]
[EventType "swiss"]
[EventRounds "9"]
[EventCountry "ESP"]
[Source "lmi"]
[SourceDate "2016.04.03"]

1. e4 e6 2. d4 d5 3. Nc3 Bb4 4. Bd3 c5 5. a3 Ba5 6. Bb5+ Bd7 7. Bxd7+ Qxd7 8.
Qg4 f6 9. Nge2 cxd4 10. Nxd4 e5 11. Ne6 g6 12. b4 dxe4 13. Qxe4 Qxe6 14. bxa5
Qc6 15. Nd5 Ne7 16. c4 Nd7 17. Bd2 f5 18. Qd3 Nc5 19. Qc3 Nxd5 20. Qxe5+ Qe6
21. Qxe6+ Nxe6 22. cxd5 Nd4 23. Bc3 Nc2+ 24. Kd2 Nxa1 25. Bxh8 Nb3+ 26. Kc3
Nxa5 27. Kb4 b6 28. Re1+ Kd7 29. Be5 Rc8 30. Rd1 a6 31. Rd4 Rc2 32. Ka4 Nb7 33.
Kb3 Rxf2 34. g4 Nc5+ 35. Kc3 fxg4 36. Rxg4 Ra2 37. Rf4 Rxa3+ 38. Kb2 Re3 0-1